| 000 | 01053nam a2200325 a 4500 | ||
|---|---|---|---|
| 003 | AR-BaBNM | ||
| 005 | 20251128210729.0 | ||
| 008 | 082120s2002 ||||||||||||||000 | spa|| | ||
| 020 | _a950-00-0349-X | ||
| 040 | _cAR-BaBNM | ||
| 245 | 0 | 0 |
_aEGB 2 _bmatemática |
| 250 | _a1ª ed. | ||
| 260 |
_aBuenos Aires _bMinisterio de Educación. Programa Nacional de Innovaciones Educativas _c2000 |
||
| 300 |
_a24 p. _bil., tablas, gráfs. |
||
| 490 | 0 | _aPropuestas para el aula. Material para docentes | |
| 650 | 4 | _aACTIVIDADES DE APRENDIZAJE | |
| 650 | 4 | _aENSEÑANZA DE LAS MATEMATICAS | |
| 653 | _aSEGUNDO CICLO DE LA EGB | ||
| 653 | _aPROYECTOS DE AULA | ||
| 653 | _aINNOVACIONES EDUCATIVAS | ||
| 700 | 1 |
_aChemello, Graciela _ecoordinador |
|
| 700 | 1 | _aAgrasar de Copello, Mónica | |
| 700 | 1 | _aBarallobres, Gustavo | |
| 700 | 1 | _aChara, Silvia | |
| 700 | 1 | _aCrippa, Ana Lía | |
| 700 | 1 | _aGysin, Liliana | |
| 810 | 1 |
_aArgentina _bMinisterio de Educación _bPrograma Nacional de Innovaciones Educativas |
|
| 942 | _cBK | ||
| 998 | _cRAQUEL | ||
| 999 |
_c16643 _d16643 |
||